| 000 | 00828cam a2200265 a 4500 | ||
|---|---|---|---|
| 001 | 000024516 | ||
| 005 | 20200930023220.0 | ||
| 008 | 850726s1993 sp 000 | spa d | ||
| 020 | _a8440633408 | ||
| 040 |
_aDO-SdBNP _bspa _cBNPHU |
||
| 041 | 1 | 7 |
_aeng _hspa _2Código de idioma MARC |
| 082 |
_a891.73 _bC957p |
||
| 100 | 1 |
_aCruz Smith, Martin, _d1942- _950237 |
|
| 240 | 1 | 0 |
_aRed square. _lEspañol |
| 245 | 1 | 3 |
_aLa Plaza Roja / _cMartin Cruz Smith ; traducción Camila Batlles. |
| 260 |
_aBarcelona, (España) : _bEdiciones B, _c1993. |
||
| 300 |
_a453 p. ; _c24 cm. |
||
| 490 | 1 | _aÉxito Internacional | |
| 534 |
_aTítulo original: _tRed square |
||
| 650 | 4 |
_aNovela rusa _94742 |
|
| 650 | 4 |
_aLiteratura rusa _94743 |
|
| 700 | 1 |
_aBatlles, Camila _etr. _944604 |
|
| 830 | 0 |
_aÉxito Internacional _950238 |
|
| 049 | _aBNGR | ||
| 999 |
_c24009 _d24009 |
||